| 000 | 00464nam a2200193Ia 4500 | ||
|---|---|---|---|
| 008 | 170918s9999 xx 000 0 und d | ||
| 020 | _a9780439886369 | ||
| 050 | _bD321 2005 | ||
| 100 | _adeGroat, Diane | ||
| 245 | _aBrand-new pencils, brand-new books / | ||
| 245 | _cDiane DeGroat. | ||
| 260 | _aNew York : | ||
| 260 | _bScholastic, | ||
| 260 | _c2005 | ||
| 300 | _aunpaged : | ||
| 300 | _bcolored illustration ; | ||
| 300 | _c26cm. | ||
| 500 | _a620 | ||
| 999 |
_c341774 _d341774 |
||